| 000 | 00436nam a22001577a 4500 | ||
|---|---|---|---|
| 003 | OSt | ||
| 005 | 20250303154747.0 | ||
| 008 | 250303b |||||||| |||| 00| 0 eng d | ||
| 020 | _a9789355329547 | ||
| 040 | _cIIMT UNIVERSITY, MEERUT | ||
| 100 | _a G. Shanmugam, M. S. Palanichamy, S Ravindran | ||
| 245 | _aBasic Civil and Mechanical Engineering | ||
| 260 |
_aNEW DELHI _bMC.GRAW HILL _c2024 |
||
| 300 | _aVER | ||
| 942 |
_2ddc _c02 _e2ND |
||
| 999 |
_c65272 _d65272 |
||